Регионална библиотека "Любен Каравелов" - Русе

Големите убийства в България (Запис номер 14159)

MARC детайли
000 -Лидер
Контролно поле с фиксирана дължина 01937nam a2200409 c 4500
003 - Код на организацията, давaща контролен номер
Контролно поле BLK
005 - Дата и час на последна редакция
Контролно поле 20250128005511.0
008 - Елементи от данни с фиксирана дължина
fixed length control field 180412b bul|||||r ||||||| ||bul||
010 ## - Наследен системен номер
LC control number KNG00015856000
020 ## - Международен стандартен номер на книга ISBN
Международен стандартен номер на книга ISBN 954-528-067-0
-- издат.: Труд
040 ## - Източник на каталожния запис
Идентификатор на билиотеката - собственик на записа BLK
041 ## - Код за език
Код за езика на текст/звукозапис или на отделно заглавие Български
Код за езика КДБФ Български
080 ## - УДК
Текстов определител УДК Политическо преследване. Терористични действия. Тероризъм - Атентати, политически убийства. Вж и 343.1 ; 343.3/.7
УДК код - определител по УДК 323.28
УДК определител (497.2)
УДК - код + определител 323.28(497.2)
080 ## - УДК
Текстов определител УДК
УДК код - определител по УДК 343.22/.23
УДК определител (497.2)
УДК - код + определител 343.22/.23(497.2)
100 1# - Редна дума - Автор
Автор Заркова, Анна Леонидова
R(LIN) 258994
139 ## - Редно поле
Редна дума Заркова, Анна и др.
Авторски знак Зари - З 35
245 10 - Сведения за заглавието
Заглавие Големите убийства в България
Подзаглавни данни От Крушата до Луканов
Редно поле (дума) Анна Заркова; съавт. Никола Кицевски.
257 ## - Страна на издаване
Страна на създаване/издаване България
260 ## - Област на издателските данни
-- София
Име на издателя, разпространителя и проч. Труд
Година на издаване 1996
300 ## - Физическа характеристика
Страници 206 с.
Размери/Мащаб 20 см
380 ## - Жанр
Жанр Обществени науки
500 ## - Общи забележки
Забележка Авт. отбелязани на с. 3 ; Със съдействието на В. Авджиева, Ж. Попова, К. Фалин, М. Кехайова, С. Русев, Т. Токин, Щ. Василева ; 7 000 тир.
650 #4 - Допълнително описание по предмет – тема
Основно описание – тема или топоним Убийства - България
9 (RLIN) 256117
650 #4 - Допълнително описание по предмет – тема
Основно описание – тема или топоним Престъпници - България
9 (RLIN) 256118
650 #4 - Допълнително описание по предмет – тема
Основно описание – тема или топоним Престъпления - България
9 (RLIN) 256119
650 #4 - Допълнително описание по предмет – тема
Основно описание – тема или топоним Политически убийства - България
9 (RLIN) 258996
650 #0 - Допълнително описание по предмет – тема
Основно описание – тема или топоним България - вътрешна политика
9 (RLIN) 241559
653 ## - Ключова дума – ненормативна
Ключова дума убийства
653 ## - Ключова дума – ненормативна
Ключова дума България
700 1# - Други автори (авторска отговорност)
Лично име Кицевски, Никола
Автороска отговорност (Описва отношението между автора и произведението) съавт.
9 (RLIN) 258995
852 ## - Местоположение
Форматна сигнатура Цб 191161
856 4# - Електронен адрес и достъп
Електронен формат pdf - файл
Път до файла /url/
856 4# - Електронен адрес и достъп
Електронен формат pdf - файл
Път до файла /url/
942 ## - АРТИКУЛИ
Вид на библиотечния материал Книги
Скрит в OPAC Не
Koha issues (borrowed), all copies 1
944 ## - СЪЗДАВАНЕ И РЕДАКЦИЯ на ЗАПИСА
Създаване/Редакция Създаване
Дата на регистрацията/редакция 15.01.2003
Служител, извършил регистрацията/редакцията
Статус, дата на статуса CRON CRON
944 ## - СЪЗДАВАНЕ И РЕДАКЦИЯ на ЗАПИСА
Създаване/Редакция Редакция
Дата на регистрацията/редакция 26.04.2005
Служител, извършил регистрацията/редакцията
999 ## - СИСТЕМНИ КОНТРОЛНИ НОМЕРА
Koha biblionumber 14159
Koha biblioitemnumber 14159
Наличности
Код за отписване Код за изгубен артикул Източник на класификационната схема Код за повреда Коз за рестрикции Код за отдаване Артикулен № Име на библиотеката - собственик Име на библиотеката, в която се намира в момента Статус (Текущо местоположение) Дата на вписване в системата Местоположение - отдел Цена в лева Инвентарен номер Систематично азбучна сигнатура Баркод Номер на екземпляра Цена в евро Служебна бележка Служебен тип на артикула
Изтеглен Не е изгубен Universal Decimal Classification Не е повреден без рестрикции заемане за дома 24272 Регионална библиотека "Любен Каравелов" Русе Регионална библиотека "Любен Каравелов" Русе Заемна - подръчен фонд 2001-01-01 Заемна - подръчен фонд 2.94 628130 П 323(497.2)/З 35 628130 1 1.50 Дост: Pk Дата инв: 02.02.2018 Бележки инв: П2018 Книги
  Не е изгубен Universal Decimal Classification Не е повреден без рестрикции ползва се в читалня 24273 Регионална библиотека "Любен Каравелов" Русе Регионална библиотека "Любен Каравелов" Русе Хранилище 2001-01-01 Хранилище 0.00 629030 Цб 191161 120000629030 2 0.00 Дост: Dp Вид: Д N: 3 Дата: 01.01.1996 Книги
Изтеглен Не е изгубен Universal Decimal Classification Не е повреден без рестрикции заемане за дома 24274 Регионална библиотека "Любен Каравелов" Русе Регионална библиотека "Любен Каравелов" Русе Заемна - подръчен фонд 2001-01-01 Заемна - подръчен фонд 0.00 630731 П 323(497.2)/З 35 630731 3 0.00 Дост: Pk Книги
Vip Innovations Ltd, Rousse, Bulgaria 2025